Music Quiz

Random Music or Singers Quiz
Score 0/24 Timer 06:00
3 Plays Today
% Correct
Frank Beard
92.4%
his back
91.7%
all seven continents
91.2%
an entire album
89.5%
at the same time
87.8%
cold water
87.8%
teenage girls
87.2%
Harry Potter
86.7%
the only member of the band
86.5%
Somali pirates
86.2%
Milli Vanilli and Justin Bieber did
86.2%
paying licensing fees
82.4%
% Correct
a kitten
72.5%
wearing makeup
71.2%
Thanksgiving
70.7%
an African grey parrot
69.5%
a heavy metal band
68.6%
the Hindu goddess Kali
66.8%
the same man
64.9%
Taylor Swift
62.6%
paying taxes
56%
a mud shark
54.9%
Pusha T
54.9%
Zimbabweans
51.6%

You're not logged in!

Compare scores with friends on all Sporcle quizzes.
OR
Log In

Sporcle TV

Today on Sporcle TV


Watch our educational content, quiz creation guides, and fun videos on Sporcle TV.

Show Comments

Extras

Top Quizzes Today


Score Distribution

Your Account Isn't Verified!

In order to create a playlist on Sporcle, you need to verify the email address you used during registration. Go to your Sporcle Settings to finish the process.

Report this User

Report this user for behavior that violates our Community Guidelines.

Details: